Statistics for Countries With The Most European Ancestry

Click here to take the quiz!

General Stats

  • This quiz has been taken 187 times
    (87 since last reset)
  • The average score is 18 of 20

Answer Stats

Total%Answer% Correct
39,3 mil86Argentina
100%
25,3 mil77Canada
100%
201,3 mil61United States
100%
23,1 mil90Australia
98%
103,3 mil48Brazil
98%
20,2 mil9Mexico
97%
10,0 mil52Chile
94%
17,5 mil37Colombia
94%
3,4 mil72New Zealand
94%
4,5 mil9South Africa
92%
3,2 mil8Peru
89%
13,6 mil44Venezuela
88%
5,2 mil46Cuba
85%
1,3 mil20Paraguay
85%
2,9 mil89Uruguay
85%
1,6 mil36Panama
82%
2,2 mil43Costa Rica
80%
2,1 mil16Dominican Republic
75%
2,0 mil17Bolivia
74%
4,3 mil47Israel
58%

Score Distribution

Percentile by Number Answered

Percent of People with Each Score

Your Score History

You have not taken this quiz since the last reset